Statistiques concernant Tables de multiplication aléatoires (Facile)

Cliquez ici pour prendre le quiz!

Statistiques générales

  • Ce quiz a été pris 492 fois
  • Le résultat moyen est 19 sur 20

Statistiques - réponses

HintRéponse% Correct
5 x 210
100%
2 x 612
100%
6 x 318
100%
1 x 22
100%
2 x 1020
100%
5 x 420
100%
3 x 1030
100%
4 x 14
100%
2 x 12
97%
5 x 1050
97%
2 x 36
97%
10 x 990
97%
1 x 1010
96%
7 x 214
96%
3 x 515
96%
3 x 13
96%
5 x 630
96%
4 x 832
96%
5 x 735
96%
8 x 540
96%
5 x 840
96%
7 x 749
96%
6 x 16
96%
1 x 66
96%
6 x 1060
96%
7 x 17
96%
4 x 28
96%
9 x 1090
96%
3 x 721
95%
3 x 824
95%
10 x 110
94%
3 x 618
94%
2 x 918
94%
1 x 33
94%
9 x 545
94%
3 x 26
94%
9 x 19
94%
10 x 10100
93%
10 x 220
93%
3 x 927
93%
7 x 428
93%
1 x 44
93%
5 x 15
93%
10 x 550
93%
1 x 77
93%
10 x 770
93%
1 x 88
93%
5 x 525
92%
10 x 330
92%
6 x 742
92%
4 x 312
91%
6 x 212
91%
2 x 714
91%
6 x 530
91%
5 x 945
91%
10 x 660
91%
8 x 18
91%
8 x 1080
91%
10 x 880
91%
2 x 510
90%
3 x 412
90%
4 x 520
90%
8 x 324
90%
9 x 327
90%
8 x 432
90%
1 x 55
90%
8 x 756
90%
8 x 972
90%
2 x 48
90%
2 x 816
89%
6 x 954
89%
7 x 1070
89%
1 x 99
89%
8 x 216
88%
6 x 424
88%
2 x 24
88%
10 x 440
88%
1 x 11
87%
4 x 624
87%
4 x 728
87%
9 x 654
87%
9 x 872
87%
3 x 39
87%
7 x 321
86%
4 x 1040
86%
7 x 642
86%
7 x 535
85%
7 x 963
85%
7 x 856
84%
5 x 315
83%
6 x 636
83%
8 x 864
83%
6 x 848
82%
4 x 936
80%
8 x 648
79%
9 x 981
79%
4 x 416
77%
9 x 218
76%
9 x 763
75%
9 x 436
74%

Distribution des résultats

Percentile par nombre de réponses

% des personnes avec chaque résultat

Votre développement - résultats

Vous n’avez pas pris ce quiz